• 首页
  • 本馆介绍
  • 公告通知
  • 最新文献
  • 馆藏检索
  • 电子资源
  • 读者导购
  • 参考咨询
  • 我的图书馆
  • 登录
  • 详细信息显示
  • 放入我的书架
  • 预约/预借图书
  • 作者相关作品
  • 分类相关作品
  • 丛书相关作品
  • 出版社相关作品

书目信息

  • 表格格式
  • 工作单格式
  • 卡片格式
题名:
职务犯罪罪罚标准图表速查
    
 
作者: 魏昌东 , 尤广宇 著
分册:   玩忽职守篇
出版信息: 北京   中国方正出版社  2020
页数: 369页
开本: 23cm
丛书名:
单 册:
中图分类: D924.393.4
科图分类:
主题词: 职务犯罪--量刑--中国--图解
电子资源:
ISBN: 978-7-5174-0866-6
000 01265nam0 2200253 450
001 012024000287
005 20240924225236.0
010    @a978-7-5174-0866-6@dCNY66.00
100    @a20240924d2020 em y0chiy50 ea
101 0  @achi
102    @aCN@b110000
105    @ay z 000yy
106    @ar
200 1  @a职务犯罪罪罚标准图表速查@Azhi wu fan zui zui fa biao zhun tu biao su cha@i玩忽职守篇@f魏昌东,尤广宇著
210    @a北京@c中国方正出版社@d2020
215    @a369页@d23cm
330    @a本书涵盖国家监察委员会管辖的共88个罪名,采用图表速查的形式,根据刑法、刑事诉讼法及相关法律法规的规定,对主体证据、主观证据、行为证据、结果证据和量刑证据等证据证明对象加以分析、列举。同时,汇总了每种罪名涉及的法律法规、立法及司法解释,并选取典型案例,结合个案有针对性的分析证据的收集、认定与运用,本书拟以便利实务适用为导向,力求用图表这一新颖且直观的形式,将88种职务犯罪的刑法规范予以统一、系统、实质性呈现,以期最大限度地提高刑法适用的效率,并方便使用者查阅检索相关内容和信息。是一本理论和实践相结合的工具书。
517 1  @a玩忽职守篇@Awan hu zhi shou pian
606 0  @a职务犯罪@x量刑@y中国@j图解
690    @aD924.393.4@v5
701  0 @a魏昌东@Awei chang dong@4著
701  0 @a尤广宇@Ayou guang yu@4著
801  0 @aCN@bAHXH@c20240924
905    @b214141052@dD924.393.4@e1010@f1
    
    职务犯罪罪罚标准图表速查.玩忽职守篇/魏昌东,尤广宇著.-北京:中国方正出版社,2020
    369页;23cm
    
    
    ISBN 978-7-5174-0866-6:CNY66.00
    本书涵盖国家监察委员会管辖的共88个罪名,采用图表速查的形式,根据刑法、刑事诉讼法及相关法律法规的规定,对主体证据、主观证据、行为证据、结果证据和量刑证据等证据证明对象加以分析、列举。同时,汇总了每种罪名涉及的法律法规、立法及司法解释,并选取典型案例,结合个案有针对性的分析证据的收集、认定与运用,本书拟以便利实务适用为导向,力求用图表这一新颖且直观的形式,将88种职务犯罪的刑法规范予以统一、系统、实质性呈现,以期最大限度地提高刑法适用的效率,并方便使用者查阅检索相关内容和信息。是一本理论和实践相结合的工具书。
●
相关链接 在E读中查询图书 在五车中查询图书 在当当中查询图书 在豆瓣中查询图书


正题名:职务犯罪罪罚标准图表速查     索取号:D924.393.4/1010         预约/预借

序号 登录号 条形码 馆藏地/架位号 状态 备注
1 1414105   214141052   第一样本阅览室/ [索取号:D924.393.4/1010] 在馆    
唐山师范学院图书馆 欢迎您!
大连网信软件有限公司© 版权所有